Normal view
MARC view
Entry Personal Name
001 - CONTROL NUMBER
- control field: 10003
003 - CONTROL NUMBER IDENTIFIER
- control field: BD-RjUL
005 - DATE AND TIME OF LATEST TRANSACTION
- control field: 20231112152402.0
008 - FIXED-LENGTH DATA ELEMENTS
- fixed length control field: 231112|| aca||aabn | a|a d
040 ## - CATALOGING SOURCE
- Original cataloging agency: BD-RjUL
- Transcribing agency: BD-RjUL
100 ## - HEADING--PERSONAL NAME
- Personal name: Napoléon
- Numeration: I,
- Titles and other words associated with a name: Emperor of the French,
- Dates associated with a name: 1769-1821
670 ## - SOURCE DATA FOUND
- Source citation: Work cat.: (BD-RjUL)82272: Tarbell, Ida M. (Ida Minerva), 1857-1944 10002, A life of Napoleon Bonaparte :, 1905